00522nam a2200193 a 4500001001300000003000900013005001700022008004100039020000800080082001600088100001700104245007200121260004100193300000900234500003500243505001700278650001600295700001700311nice12345678IN_TiNIC20260116011540.0050524s1951 lona grp 000 0 eng  ac000a922.97bSIN aSingh, Iqbal aArdent Pilgrimb an Introduction to the Life and Work of Mohd Iqbal aLondonbLongmans, Green and Coc1951 a246p aincludes index and biblioraphy2 aBibliography aKarma-Marga1 aSingh, Iqbal